LEADER 00899nam a2200229 u 4500 001 000000011206 003 CaOOAMICUS 005 20070226105412.0 008 940516s1869 fr u000 u fre u 035 $a10275733 040 $aPUL$bita 100 1 $aFerraz, Marin,$d1820-1898.$0(OLS)http://pul/name/10834 245 10$aDe la psychologie de saint Augustin /$cpar M. Ferraz. 250 $a2. éd. 260 $aParis :$bE. Thorin,$c1869. 300 $a494 p. ;$c23 cm 600 04$aAugustinus,$cs., vesc. d'Ippona,$d354-430$xFilosofia.$0(OLS)http://pul/subject/4423 850 $aPUL 852 $aPUL$W1$xDP1 Antico 800$y27$m24 G 1$j15875$nBK-PRI$b $qStampati Antico$B15875$CPULBib$Z2$F15875 $H $81 941 1 $a15 996 $6245$aDe la psychologie de saint Augustin$9(OLS)http://pul/title/16270 996 $6260$aParis :$bE. Thorin$9(OLS)http://pul/publisher/53176 LEADER 01411nam a2200337 a 4500 001 000000125535 003 CaOOAMICUS 005 20110601102944.0 008 110601s2011 it 000 u ita r 040 $aPUL$bita 041 1 $aita$heng 082 04$a200.3 100 1 $aBouwsma, William J.,$d1923-$0(OLS)http://pul/name/60918 240 10$aJohn Calvin.$lItaliano.$0(OLS)http://pul/title/158302 245 10$aGiovanni Calvino /$cWilliam J. Bouwsma. 260 $aMilano :$bIl Sole 24 ore,$c©2011$aRoma ; Bari :$bEditori Laterza 300 $aVIII, 444 p. ;$c22 cm 490 1 $aLe grandi Religioni ;$v10 500 $aEd. speciale per Il Sole 24 Ore. 504 $aContiene riferimenti bibliografici ed indici. 600 14$aCalvin, Jean,$d1509-1564.$0(OLS)http://pul/subject/1152 830 0$aGrandi Religioni (Sole 24 ore) ;$v10.$0(OLS)http://pul/title/157326 850 $aPUL 852 $aPUL$W1$xSL Religione 3$y85$m200. 3 COLL 2.10$j144601$qDDC 21$B143622$CPULBib$Z2$F143622 $H117380 $82 941 1 $a9 960 $aCalvino, Giovanni,$d1509-1564$91152 996 $6082$a200.3$9(OLS)http://pul/classification/1704 996 $6245$aGiovanni Calvino$9(OLS)http://pul/title/158303 996 $6260$aMilano :$bIl Sole 24 ore$9(OLS)http://pul/publisher/69212 996 $6260$aRoma ; Bari :$bEditori Laterza$9(OLS)http://pul/publisher/61082